000 00921nam a2200265Ia 4500
003 OSt
005 20221005113238.0
006 a|||||r|||| 00| 0
007 ta
008 221004b |||||||| |||| 00| 0 pan d
020 _cINR 200.00
024 _a39196
037 _b234, 17/03/2018, National Book Shop
_cTextual
040 _aCRL
_cCRL
_bpan
041 _2pan
_apan
082 _aO153,3:g, Q7
100 _aਸਿੰਘ, ਜੀਤ, ਂਚ.
245 0 _aਸਮਕਾਲੀ ਪੰਜਾਬੀ ਗਲਪ ਵਿਭਿੰਲ ਸਰੋਕਾਰ
260 _aਪਟਿਆਲਾ
_bਗ੍ਰੈFਿਅਸ ਭਾਰਤ
_c2017
300 _a128ਪ0
_ccm.
650 _a ਪੰਜਾਬੀ ਕਹਾਣੀ
650 _aਪੰਜਾਬੀ ਸਾਹਿਤ
942 _hO153,3:g, Q7
_cTEXL
_2cc
999 _c1027533
_d1027533